Incidencia de los modelos del sistema nacional de salud en la calidad y prestación de servicios a los usuarios (Registro nro. 138118)

Detalles MARC
000 -CABECERA
campo de control de longitud fija 00561nam a2200181Ia 4500
001 - NÚMERO DE CONTROL
campo de control 138118
003 - IDENTIFICADOR DEL NÚMERO DE CONTROL
campo de control 230245
005 - FECHA Y HORA DE LA ÚLTIMA TRANSACCIÓN
campo de control 20241022063105.0
008 - DATOS DE LONGITUD FIJA--INFORMACIÓN GENERAL
campo de control de longitud fija ||||||n9999 ||| || ||
082 ## - NÚMERO DE LA CLASIFICACIÓN DECIMAL DEWEY
Número de clasificación 344.04
100 ## - ENTRADA PRINCIPAL--NOMBRE DE PERSONA
Nombre de persona Ardila Parra , Gloria
9 (RLIN) 169053
245 #0 - MENCIÓN DE TÍTULO
Título Incidencia de los modelos del sistema nacional de salud en la calidad y prestación de servicios a los usuarios
562 ## - NOTA DE IDENTIFICACIÓN DE LA COPIA Y VERSIÓN
Número de copias 1
650 ## - PUNTO DE ACCESO ADICIONAL DE MATERIA--TÉRMINO DE MATERIA
Término de materia o nombre geográfico como elemento de entrada PRESTACIÓN DE SERVICIOS DE SALUD
9 (RLIN) 90309
650 #0 - PUNTO DE ACCESO ADICIONAL DE MATERIA--TÉRMINO DE MATERIA
Término de materia o nombre geográfico como elemento de entrada Salud pública
9 (RLIN) 3982
650 ## - PUNTO DE ACCESO ADICIONAL DE MATERIA--TÉRMINO DE MATERIA
Término de materia o nombre geográfico como elemento de entrada SISTEMAS NACIONALES DE SALUD
9 (RLIN) 169054
942 ## - ELEMENTOS DE PUNTO DE ACCESO ADICIONAL (KOHA)
Tipo de ítem Koha Tesis
Existencias
Estado de retiro Estado de pérdida Estado dañado No para préstamo Código de colección Localización permanente Ubicación/localización actual Coste, precio normal de compra Total de préstamos Signatura topográfica completa Código de barras Número de copia Tipo de ítem Koha
        Trabajos de Grado Bucaramanga - Sede Santander Bucaramanga - Sede Santander 0.00   SAN019 2009 SAN6336 1 Tesis